Noc mi dáva moc

Bibliographic Details
Main Author: Clark, Mary Higgins, 1929-2020 (Author)
Other Authors: Kočanová, Mária, 1955- (Translator)
Format: Book
Language:Slovak
English
Published: Bratislava Slovenský spisovateľ c2006
ISBN:8022013560
Edition:[1. vyd.]
Series:Zelená knižnica
Subjects:

MARC

LEADER 00000nam a2200000 a 4500
001 vtls008696385
003 SK-MaSNL
005 20260301205510.0
008 251031s2006 xo g 000 f slo
015 |a SNBA2006/09-04946 
020 |a 8022013560  |q (viaz.) 
035 |a 2834CCBA-B1A6-4486-BE6D-F58BD699D475 
035 |a urn:nbn:sk:snk-amlf21 
035 |a urn:nbn:sk:snk-am008y6v 
040 |a SNK  |b slo  |c SNK  |e AACR2 
041 1 |a slo  |h eng 
044 |a xo  |c SK 
072 7 |a 821.111(73)-3  |x Americká próza  |2 konspekt 
080 |a 821.111(73)-31  |2 2001 
080 |a (0:82-312.4)  |2 2001 
100 1 |a Clark, Mary Higgins,  |d 1929-2020  |4 aut  |9 195252 
240 1 0 |a Nighttime is my time  |l Slovensky 
245 1 0 |a Noc mi dáva moc  |c Mary Higgins Clark ; [z anglického originálu preložila Mária Kočanová] 
250 |a [1. vyd.] 
260 |a Bratislava  |b Slovenský spisovateľ  |c c2006 
490 1 |a Zelená knižnica 
655 7 |a americké romány  |2 SNKPH  |9 1174 
655 7 |a detektívne romány  |2 SNKPH  |9 70455 
700 1 |a Kočanová, Mária,  |d 1955-  |4 trl  |9 123861 
830 0 |a Zelená knižnica  |9 276858 
919 |a 80-220-1356-0 
958 |a OND 
968 |b ENG  |d 821 
999 |c 910333  |d 912263 
952 |a SNK  |b SNK  |y PREZ  |7 0  |p 17A0506660  |o snkSC 123518  |i snk2006/8699  |8 0  |0 0  |1 0  |4 0  |d 2006-04-27  |f 1  |l 0  |r 2025-06-05 00:00:00  |w 2026-02-24 
952 |a SNK  |b SNK  |y PREZ  |7 0  |p 17A0508048  |o snkSC 123518 D1  |i snk2006/9227  |8 0  |0 0  |1 0  |4 0  |d 2006-05-05  |l 0  |r 2026-02-24 07:41:31  |w 2026-02-24